Učitavanje...

Marketing researhc/5e

Bibliografski detalji
Glavni autor: LUck. David J...(et-al)
Format: Printed Book
Jezik:English
Izdano: New Delhi Prentice hall of India 1978
Izdanje:5th ed.
Teme:
LEADER 00806nam a22001937a 4500
005 20151215130356.0
008 110119t xxu||||| |||| 00| 0 eng d
082 |a 658.83  |b LUC 
100 |a LUck. David J...(et-al)  |9 21108 
245 |a Marketing researhc/5e 
250 |a 5th ed. 
300 |a xvi, 522p. 
653 |a Marketing  |a Management 
942 |c BK  |6 _ 
260 |a New Delhi  |b Prentice hall of India  |c 1978 
999 |c 115803  |d 115803 
952 |0 0  |1 0  |2 ddc  |4 0  |6 65883_LUC  |7 0  |9 149968  |a SMS  |b SMS  |c NEW  |d 2011-01-19  |o 658.83 LUC  |p SMS009944  |r 2011-01-19  |w 2011-01-19  |y BK 
952 |0 0  |1 0  |2 ddc  |4 0  |6 65883_LUC  |7 0  |9 149969  |a SMS  |b SMS  |c GEN  |d 2011-01-19  |o 658.83 LUC  |p SMS011978  |r 2011-01-19  |w 2011-01-19  |y BK 
952 |0 0  |1 0  |2 ddc  |4 0  |6 65883_LUC  |7 0  |9 149970  |a SMS  |b SMS  |c GEN  |d 2011-01-19  |o 658.83 LUC  |p SMS011979  |r 2011-01-19  |w 2011-01-19  |y BK